000 00360pam a2200157a 44500
008 230515b1967 xxu||||| |||| 00| 0 eng d
020 _aNULL
041 _aENGLISH
082 _a630
100 _aIS:804-1967
245 _aSPECIFICATION FOR RECTANGULAR PRESSED STEEL TANKS
250 _a0
260 _aDELHI
_bISI
_c1967
300 _a34
650 _aNULL
999 _c652625
_d652625